Skip to content
VuFind
All Fields
Title
Author
Subject
Call Number
ISBN/ISSN
Tag
Find
Advanced
Analisa kos bagi pembinaan ban...
Cite this
Print
Export Record
Export to RefWorks
Export to EndNoteWeb
Export to EndNote
Export to MARC
Analisa kos bagi pembinaan bangunan (Keluaran Pertama Jan - Jun 1985)
Bibliographic Details
Format:
Book
Subjects:
Building
Building
>
Estimates
Holdings
Description
Similar Items
Staff View
MARC
LEADER
00000cam a2200000 7i4500
001
0000005162
005
20000508.0
040
|a
INS
090
0
0
|a
B 3
245
0
0
|a
Analisa kos bagi pembinaan bangunan (Keluaran Pertama Jan - Jun 1985)
650
0
0
|a
Building
650
0
0
|a
Building
|x
Estimates
999
|a
B000000008
|b
BOOK
|c
Course Notes
|e
Default branch
Similar Items
Kos purata semeter persegi bagi kerja-kerja pembinaan bangunan bagi tempoh Julai - Disember 1984
Kos purata semeter persegi bagi kerja-kerja pembinaan Bangunan bagi tempoh Jan - Jun 1986 (Jld. 2 No. 2/2/1986)
Kos purata semeter persegi bagi kerja-kerja pembinaan bangunan bagi tempoh Julai - Dis 1985(Jld. 2 No.2/1986)
Kos purata semeter persegi kerja-kerja pembinaan bangunan : bagi tempoh Jan - Jun 2012
Abstrak Data Kos ( Kos Semeter Persegi ) kerja pembinaan bangunan kerajaan : Januari - Jun 2005
Published: (2005)